Produktivita dvojmesačník Slovenského centra produktivity

Gespeichert in:
Bibliographische Detailangaben
Format: Schriftenreihe
Sprache:Slowakisch
Veröffentlicht: Žilina Slovenské centrum produktivity 2001
Schlagworte:
Tags: Tag hinzufügen
Keine Tags, Fügen Sie das erste Tag hinzu!

MARC

LEADER 00000nas2a2200000 4500
001 0007160
005 20160720112012.8
022 |a 1335-5961 
041 0 |a slo 
044 |a SK 
245 1 0 |a Produktivita  |b dvojmesačník Slovenského centra produktivity 
264 1 |a Žilina  |b Slovenské centrum produktivity  |c 2001 
300 |a 1 zv. 
773 0 |w eu_un_cat*s122586 
610 2 0 |a produktivita 
610 2 0 |a podnik